América Latina (Record no. 122367)

MARC details
000 -LEADER
campo de control de longitud fija 00678nam a2200193 4500
001 - NÚMERO DE CONTROL
campo de control 122367
003 - IDENTIFICADOR DE NÚMERO DE CONTROL
campo de control ES-MaACL
005 - FECHA Y HORA DE LA ÚLTIMA TRANSACCIÓN
campo de control 20230906191950.0
007 - CAMPO FIJO DE DESCRIPCIÓN FÍSICA--INFORMACIÓN GENERAL
campo de control de longitud fija t|
008 - DATOS DE LONGITUD FIJA--INFORMACIÓN GENERAL
campo de control de longitud fija 070214s1964 sp r ||||1| spa d
100 1# - ENTRADA PRINCIPAL--NOMBRE DE PERSONA
Nombre de persona Powelson, John P.
9 (RLIN) 93505
245 10 - MENCIÓN DEL TÍTULO
Título América Latina
Resto del título : la revolución económica y social actual /
Mención de responsabilidad, etc. John P. Powelson ; traducción revisada por Ana García, Bernal Piñeiro, Víctor Rieg García.
260 ## - PUBLICACIÓN, DISTRIBUCIÓN, ETC.
Lugar de publicación, distribución, etc. Madrid :
Nombre del editor, distribuidor, etc. Ediciones del Castillo,
Fecha de publicación, distribución, etc. 1964.
300 ## - DESCRIPCIÓN FÍSICA
Extensión XI, 330 p. ;
Dimensiones 24 cm.
700 1# - ENTRADA AGREGADA--NOMBRE PERSONAL
Nombre de persona García, Ana.
9 (RLIN) 53999
700 1# - ENTRADA AGREGADA--NOMBRE PERSONAL
Nombre de persona Piñeiro, Bernal.
9 (RLIN) 92257
700 1# - ENTRADA AGREGADA--NOMBRE PERSONAL
Nombre de persona Rieg García, Víctor.
9 (RLIN) 97082
852 ## - LOCALIZACIÓN
Ubicación ES-MaACL
Número de control de estantería C-27346
Sublocalización o colección R.56531
Holdings
Estatus retirado Estado de pérdida Estado de daño No para préstamo Biblioteca de origen Biblioteca actual Ubicación en estantería Fecha de adquisición Fuente de adquisición Total de préstamos Signatura topográfica completa Código de barras Visto por última vez Precio de reemplazo Tipo de ítem Koha
        Biblioteca del Ateneo de Madrid Biblioteca del Ateneo de Madrid Depósito 2 17/01/2008     C-27346 1127512 23/02/2023 23/02/2023 Libro impreso